| 000 | 00688nam a22002057a 4500 | ||
|---|---|---|---|
| 005 | 20251108164338.0 | ||
| 008 | 250721s1984 xx 000 0 ara d | ||
| 082 | 1 | 4 | _a683.4/بار |
| 100 | 1 | _aكولان، | |
| 245 | 1 | 0 | _aالبارود عند المسلمين / |
| 264 | 1 |
_aبيروت : _bدار الكتاب اللبناني - مكتبة المدرسه، _c1984. |
|
| 300 | _a95ص | ||
| 490 | 0 | _aكتب دائرة المعارف الإسلاميه ؛ 14 | |
| 650 | 1 | 7 | _aالحضارة الإسلامية |
| 700 | 1 |
_aخورشيد، إبراهيم _eترجمة |
|
| 700 | 1 | _aيونس، عبد الحميد | |
| 700 | 1 | _aعثمان، حسن | |
| 942 |
_2ddc _cBK |
||
| 999 |
_c9878 _d9878 |
||